| 000 | 01150nam a2200217 i 4500 | ||
|---|---|---|---|
| 001 | 154487 | ||
| 003 | ES-MaACL | ||
| 005 | 20240312062549.0 | ||
| 008 | 040712s1900 sp |||| | spa d | ||
| 100 | 1 |
_aGomis Cornet, José. _958214 |
|
| 245 | 1 | 3 |
_aEl porvenir de España y los partidos políticos _b: conferencia pronunciada el día 19 de enero de 1900 en el Ateneo Científico, Literario y Artístico de Madrid / _cpor José Gomis Cornet. |
| 260 |
_aMadrid : _bSucesores de E. Lacau, _c1900. |
||
| 300 |
_a27 p. ; _c22 cm. |
||
| 530 | _aDisponible en formato digital. | ||
| 610 | 2 | 4 |
_aAteneo de Madrid- _vConferencias- _y1900-1939 _91907 |
| 651 | 4 |
_aEspaña- _xPolítica y gobierno- _y1885-1902. _9164011 |
|
| 852 |
_aES-MaACL _jT-916-F-5 _z- Enc. hol., conservando cub. original _z. - Dedicatoria autógrafa del autor _z- Enc. en un vol. facticio |
||
| 852 |
_aES-MaACL _jT-977-F-6 _z- Enc. hol., conservando cub. original _z. - Dedicatoria autógrafa del autor _z- Enc. en un vol. facticio |
||
| 856 |
_uhttp://mdc.csuc.cat/cdm/ref/collection/fulletsAB/id/57710#dcId=1547744466707&p=1 _zAteneu Barcelonès |
||
| 999 |
_c154487 _d154487 |
||